Kursus Perkembangan Semasa Industri Pembinaan Untuk Pegawai Penilaian (Modiul 1 - 3) dan Penolong Pegawai Penilaian (Modiul 1 - 2) 5 - 12 Ogos 1991

Bibliographic Details
Format: Book
Subjects:
Online Access:http://app.inspen.gov.my:7779/pls/portal/docs/PAGE/CORPORATEPAGES/PORTAL_INSPEN/NOTA_KURSUS/VO/ABB.PDF

MARC

LEADER 00000cam a2200000 7i4500
001 0000005953
005 20071206.0
040 |a INS 
090 0 0 |a VO6 
245 0 0 |a Kursus Perkembangan Semasa Industri Pembinaan Untuk Pegawai Penilaian (Modiul 1 - 3) dan Penolong Pegawai Penilaian (Modiul 1 - 2) 5 - 12 Ogos 1991 
500 |a Digital document is available on-line; Please click the URL below 
650 0 0 |a Pegawai Penilaian 
856 |u http://app.inspen.gov.my:7779/pls/portal/docs/PAGE/CORPORATEPAGES/PORTAL_INSPEN/NOTA_KURSUS/VO/ABB.PDF 
999 |a VO00000009   |b BOOK   |c Course Notes   |e Default branch 
999 |a VO00000676   |b BOOK   |c Course Notes   |e Default branch